00866nam a2200205 a 4500001001000000005001700010008004100027020001500068040001800083050002000101245004600121260002800167300004900195500014200244504003200386650006200418650006300480651005800543651005900601BRCA_219220190320203716.0001120s2000 sp-#---##b---#000-0#spa-# a847782732X aDLCcDLCdDLC 4aVK87b.C37 200010aCarlos Vbla náutica y la navegación. aEspañabLunwergc2000 a469 p.bil. (algunas a color), mapasc29 cm. aCatálogo de la exposición realizada en el Museo de Pontevedra ´Edificio Sarmiento´ (Pontevedra), 28 septiembre - 17 diciembre, 2000 aBibliografía : p. 463-46914aNavegaciónvExposicionesxHistoriaySiglo XVIzEspaña14aCiencia navalvExposicionesxHistoriaySiglo XVIzEspaña 4aEspañavExposicionesxHistoriayCarlos I, 1516-1556 4aEspañavExposicionesxHistoriayFelipe II, 1556-1598